000 00554nam a2200205Ia 4500
001 11894
003 GE_BSU
008 181216s||||||||xx |||||||||||||| ||und||
040 _cGE_BSU
080 _a638.1(075.3)
100 _aЩербина,П.С.
245 _aПчеловодство
245 _cРед.И.В.Тетюрева.Худ.Ф.Е.Терлецкий
260 _aМосква
260 _bизд-во сельхоз. лит-ры
260 _c1958
300 _a622стр.20см.
653 _aПчеловодство
942 _cBK
999 _c45071
_d45071